El noroeste y norte de Europa en los siglos XVII y XVIII / (Record no. 84215)

MARC details
000 -LEADER
campo de control de longitud fija 00535nam a2200169 i 4500
001 - NÚMERO DE CONTROL
campo de control 84215
003 - IDENTIFICADOR DE NÚMERO DE CONTROL
campo de control ES-MaACL
005 - FECHA Y HORA DE LA ÚLTIMA TRANSACCIÓN
campo de control 20230906174954.0
007 - CAMPO FIJO DE DESCRIPCIÓN FÍSICA--INFORMACIÓN GENERAL
campo de control de longitud fija t|
008 - DATOS DE LONGITUD FIJA--INFORMACIÓN GENERAL
campo de control de longitud fija 041122s1970 sp ||||1| spa d
100 1# - ENTRADA PRINCIPAL--NOMBRE DE PERSONA
Nombre de persona Jeanin, Pierre.
9 (RLIN) 66242
245 13 - MENCIÓN DEL TÍTULO
Título El noroeste y norte de Europa en los siglos XVII y XVIII /
Mención de responsabilidad, etc. Pierre Jeanin ; [traducción por José Manuel Cuenca].
260 ## - PUBLICACIÓN, DISTRIBUCIÓN, ETC.
Lugar de publicación, distribución, etc. Barcelona :
Nombre del editor, distribuidor, etc. Labor,
Fecha de publicación, distribución, etc. 1970.
300 ## - DESCRIPCIÓN FÍSICA
Extensión XVI, 429 p. ;
Dimensiones 20 cm.
700 1# - ENTRADA AGREGADA--NOMBRE PERSONAL
Nombre de persona Cuenca, José Manuel.
9 (RLIN) 41997
852 ## - LOCALIZACIÓN
Ubicación ES-MaACL
Número de control de estantería C-39283
Sublocalización o colección R.76249
Holdings
Estatus retirado Estado de pérdida Estado de daño No para préstamo Biblioteca de origen Biblioteca actual Ubicación en estantería Fecha de adquisición Fuente de adquisición Total de préstamos Signatura topográfica completa Código de barras Visto por última vez Precio de reemplazo Tipo de ítem Koha
        Biblioteca del Ateneo de Madrid Biblioteca del Ateneo de Madrid Depósito 2 17/01/2008     C-39283 1088014 23/02/2023 23/02/2023 Libro impreso